[Event "11th Vellmar Open 2019"]
[Site "Vellmar GER"]
[Date "2019.07.05"]
[Round "3.20"]
[White "Tietze,M"]
[Black "Gramb,Marius"]
[Result "0-1"]
[WhiteElo "1867"]
[BlackElo "2164"]
[WhiteFideId "4676335"]
[BlackFideId "24656593"]
[EventDate "2019.07.04"]

1. d4 Nf6 2. Nf3 e6 3. e3 d5 4. Bd3 c5 5. c3 Nc6 6. O-O Bd6 7. Nbd2 O-O 8. dxc5
Bxc5 9. e4 Qc7 10. Qe2 h6 11. h3 Nh5 12. Nb3 Bb6 13. Be3 Nf4 14. Bxf4 Qxf4 15.
Rfe1 dxe4 16. Qxe4 Qxe4 17. Rxe4 Rd8 18. Bc2 Bd7 19. Rd1 Be8 20. Ree1 Kf8 21.
Kf1 Ke7 22. Ke2 Rac8 23. a3 f5 24. Kf1 Kf6 25. Rxd8 Rxd8 26. Rd1 Rxd1+ 27. Bxd1
e5 28. Nfd2 e4 29. Nc4 Bc7 30. Nbd2 Bf7 31. Bc2 g6 32. Ke2 b5 33. Ne3 Bb6 34. f3
exf3+ 35. Nxf3 Ne5 36. Nxe5 Kxe5 37. Bd3 Kf4 38. Nf1 Be8 39. g3+ Ke5 40. Nd2 g5
41. Nf3+ Kf6 42. Bc2 Bd7 43. Bb3 Bc7 44. Kf2 f4 45. gxf4 Bxf4 46. Nd4 Bc1 47. c4
bxc4 48. Bxc4 Bxb2 49. Nb5 a6 50. Nc7 a5 51. Nd5+ Ke5 52. h4 Bxa3 53. Ne3 Bc5
54. Kf3 gxh4 55. Ng4+ Kd4 56. Bf7 Bf8 57. Bg8 a4 58. Nf6 Bc6+ 59. Ke2 Ke5 60.
Ng4+ Kf4 61. Be6 Bf3+ 0-1

[Event "11th Vellmar Open 2019"]
[Site "Vellmar GER"]
[Date "2019.07.05"]
[Round "3.21"]
[White "Heckmann,Torsten"]
[Black "Hahn,F"]
[Result "1/2-1/2"]
[WhiteElo "1862"]
[BlackElo "2138"]
[WhiteFideId "24653896"]
[BlackFideId "24659720"]
[EventDate "2019.07.04"]

1. e4 c5 2. c3 g6 3. Bc4 Bg7 4. Nf3 Nc6 5. d3 e6 6. Bf4 d5 7. exd5 exd5 8. Bb3
Nge7 9. O-O O-O 10. Re1 Bf5 11. Na3 Re8 12. Nb5 Rf8 13. Nd6 Qd7 14. Qd2 Rad8 15.
Bg3 h6 16. h3 Be6 17. Re2 Nf5 18. Nxf5 Bxf5 19. Rae1 b5 20. d4 c4 21. Bc2 Bxc2
22. Qxc2 Rfe8 23. Ne5 Nxe5 24. Bxe5 a5 25. Qd2 f6 26. Bg3 Kf7 27. Kf1 Bf8 28. a3
Qf5 29. Bc7 Rxe2 1/2-1/2

[Event "11th Vellmar Open 2019"]
[Site "Vellmar GER"]
[Date "2019.07.05"]
[Round "3.22"]
[White "Lesny,Florian"]
[Black "Moeckel,Jens"]
[Result "1-0"]
[WhiteElo "2034"]
[BlackElo "1859"]
[WhiteFideId "12973874"]
[BlackFideId "16202830"]
[EventDate "2019.07.04"]

1. e4 g6 2. d4 Bg7 3. Nc3 a6 4. a4 d6 5. Nf3 e6 6. Bc4 Nc6 7. O-O Nge7 8. Re1
O-O 9. Bf4 e5 10. dxe5 dxe5 11. Bg5 Qxd1 12. Raxd1 h6 13. Be3 Bg4 14. Bc5 Rfd8
15. h3 Bxf3 16. gxf3 Bf6 17. Ne2 Kg7 18. c3 Na5 19. Ba2 Nac6 20. b4 b6 21. Be3
g5 22. Ng3 Kg6 23. Kf1 Rab8 24. Bc4 a5 25. b5 Rxd1 26. Rxd1 Rd8 27. Rc1 Nb8 28.
Be2 h5 29. Ke1 h4 30. Nf1 Nc8 31. c4 Be7 32. c5 bxc5 33. Bxc5 Bd6 34. Ne3 Nb6
35. Bd1 f6 36. Nf5 Na8 37. Nxd6 cxd6 38. Be3 d5 39. exd5 f5 40. Bd2 g4 41. fxg4
f4 42. Bxa5 Re8 43. f3 Kg5 44. Kf2 Nd7 45. Rc6 Nf6 46. Bc2 e4 47. Bxe4 Nb6 48.
Bxb6 Nxe4+ 49. fxe4 f3 50. Be3# 1-0

[Event "11th Vellmar Open 2019"]
[Site "Vellmar GER"]
[Date "2019.07.05"]
[Round "3.23"]
[White "Hourigan,Gerrit"]
[Black "Reinhardt,Johannes"]
[Result "1-0"]
[WhiteElo "2037"]
[BlackElo "1838"]
[WhiteFideId "16204174"]
[BlackFideId "12928283"]
[EventDate "2019.07.04"]

1. Nf3 c5 2. c4 Nc6 3. Nc3 g6 4. e3 Nf6 5. d4 cxd4 6. exd4 Bg7 7. d5 Nb8 8. Be2
d6 9. h3 O-O 10. O-O Nbd7 11. Be3 Nc5 12. Nd4 b6 13. Qc2 Bb7 14. b4 Na6 15. Qb3
Qd7 16. a4 Rfc8 17. a5 e5 18. Ndb5 Qd8 19. Nxa7 1-0

[Event "11th Vellmar Open 2019"]
[Site "Vellmar GER"]
[Date "2019.07.05"]
[Round "3.24"]
[White "Poschadel,Andreas Gregor"]
[Black "Windelband,J"]
[Result "0-1"]
[WhiteElo "1809"]
[BlackElo "2075"]
[WhiteFideId "16204948"]
[BlackFideId "4663845"]
[EventDate "2019.07.04"]

1. d4 d5 2. Bf4 c5 3. e3 Nc6 4. c3 Nf6 5. Nd2 Bf5 6. Nb3 c4 7. Nd2 e6 8. Ngf3 b5
9. b4 Bxb4 10. Qc1 Be7 11. Be2 O-O 12. Nh4 a5 13. Nxf5 exf5 14. O-O b4 15. Bg3
Re8 16. f3 bxc3 17. Qxc3 Bb4 18. Qc1 Nxd4 19. exd4 Rxe2 20. Rd1 Qb6 21. Nf1 Rae8
22. a3 Bf8 23. Rb1 Qc6 24. Bf2 Ra2 25. Qf4 c3 26. Rb8 Rxb8 27. Qxb8 Rb2 28. Qd8
c2 29. Rc1 Rb1 30. Be3 Qc3 31. Kf2 Rxc1 32. Bxc1 Qxd4+ 33. Be3 Qxe3+ 34. Nxe3
c1=Q 35. Qxa5 Qxa3 36. Qd8 f4 37. Nf5 Qb2+ 38. Ke1 Qb1+ 0-1

[Event "11th Vellmar Open 2019"]
[Site "Vellmar GER"]
[Date "2019.07.05"]
[Round "3.25"]
[White "Schnegelsberg,K"]
[Black "Kanbach,Mike"]
[Result "1-0"]
[WhiteElo "2043"]
[BlackElo "1826"]
[WhiteFideId "4653335"]
[BlackFideId "12974536"]
[EventDate "2019.07.04"]

1. e4 e6 2. d4 d5 3. Nc3 Nc6 4. Nf3 Nf6 5. Bd3 Bb4 6. Bg5 dxe4 7. Bxe4 Qd6 8.
Bxf6 gxf6 9. O-O Bxc3 10. bxc3 Qf4 11. Re1 O-O 12. Rb1 f5 13. Bd3 Rb8 14. Qe2
Bd7 15. Ne5 Nxe5 16. Qxe5 Qxe5 17. Rxe5 Kg7 18. c4 Kf6 19. f4 Rg8 20. d5 Rg4 21.
g3 h5 22. Be2 Rg7 23. Bxh5 b6 24. Rbe1 Rh8 25. Bxf7 Rgh7 26. h4 exd5 27. Bxd5
Rg7 28. Kf2 c6 29. Bxc6 Rd8 30. Rd1 1-0

[Event "11th Vellmar Open 2019"]
[Site "Vellmar GER"]
[Date "2019.07.05"]
[Round "3.27"]
[White "Lenhardt,M"]
[Black "Powalla,Christian"]
[Result "1-0"]
[WhiteElo "2004"]
[BlackElo "1816"]
[WhiteFideId "4630211"]
[BlackFideId "24658413"]
[EventDate "2019.07.04"]

1. d4 Nf6 2. Nf3 g6 3. g3 Bg7 4. Bg2 d6 5. O-O O-O 6. c4 Nc6 7. Nc3 e5 8. h3 h6
9. Be3 Nh5 10. dxe5 dxe5 11. Qc1 Be6 12. Bxh6 Bxc4 13. Bg5 Qe8 14. Nd2 Be6 15.
Nde4 f5 16. Nc5 Rb8 17. Nxe6 Qxe6 18. Bd5 1-0

[Event "11th Vellmar Open 2019"]
[Site "Vellmar GER"]
[Date "2019.07.05"]
[Round "3.28"]
[White "Rouditser,Benjamin"]
[Black "Fuhrmeister,U"]
[Result "0-1"]
[WhiteElo "1815"]
[BlackElo "2008"]
[WhiteFideId "12987069"]
[BlackFideId "24611778"]
[EventDate "2019.07.04"]

1. d4 Nf6 2. c4 g6 3. f3 c5 4. d5 e5 5. e4 d6 6. Ne2 Bg7 7. Ng3 h5 8. Bd3 h4 9.
Ne2 Nh5 10. O-O Nf4 11. Nxf4 exf4 12. Bxf4 Bxb2 13. Nd2 Bd4+ 14. Kh1 Qf6 15. g3
g5 16. e5 hxg3 17. Bxg3 Bxe5 18. Ne4 Qe7 19. Nxd6+ Bxd6 20. Re1 Be6 21. dxe6 f5
22. Bxd6 Qxd6 23. Re2 Qf4 24. Rg2 Nc6 25. Bxf5 Rd8 26. Bg6+ Ke7 27. Qb3 b6 28.
Re1 Rd2 29. Qc3 Rxh2+ 30. Kg1 Rhxg2+ 0-1

[Event "11th Vellmar Open 2019"]
[Site "Vellmar GER"]
[Date "2019.07.05"]
[Round "3.29"]
[White "Wachsmann,Elmar"]
[Black "Ehrlich,K"]
[Result "0-1"]
[WhiteElo "1784"]
[BlackElo "2006"]
[WhiteFideId "12973947"]
[BlackFideId "24666530"]
[EventDate "2019.07.04"]

1. d4 Nf6 2. c4 g6 3. Nc3 Bg7 4. e4 d6 5. Nf3 O-O 6. Be2 e5 7. d5 a5 8. O-O Na6
9. b3 Nc5 10. Qc2 h6 11. Bd2 Kh7 12. a3 Ng8 13. b4 Na6 14. Rab1 f5 15. Rfd1 Nf6
16. Bd3 f4 17. c5 b6 18. cxd6 cxd6 19. bxa5 bxa5 20. Na4 Nd7 21. Qc6 Ra7 22. Rb5
Nac5 23. Nxc5 Nxc5 24. Bc2 Ra6 25. Rxc5 Rxc6 26. Rxc6 Bb7 27. Rc3 Rf7 28. Ba4 g5
29. Rb1 g4 30. Rcb3 gxf3 31. Rxb7 Qg5 32. g3 Qg4 33. Kf1 Qh3+ 34. Ke1 Qxh2 35.
Kd1 Rxb7 36. Rxb7 fxg3 37. fxg3 Qe2+ 0-1

[Event "11th Vellmar Open 2019"]
[Site "Vellmar GER"]
[Date "2019.07.05"]
[Round "3.30"]
[White "Werner,Mart"]
[Black "Bornholdt,Joa Max"]
[Result "1/2-1/2"]
[WhiteElo "2001"]
[BlackElo "1710"]
[WhiteFideId "4607970"]
[BlackFideId "16253477"]
[EventDate "2019.07.04"]

1. d4 d5 2. Nc3 Nf6 3. Bg5 Nbd7 4. f3 h6 5. Bf4 e6 6. e4 Bb4 7. Bd3 c5 8. a3
Bxc3+ 9. bxc3 Qa5 10. Bd2 c4 11. Be2 dxe4 12. fxe4 Nxe4 13. Bxc4 Ndf6 14. Ne2
Qf5 15. Rf1 Qh5 16. Ng3 Qxh2 17. Nxe4 Nxe4 18. Qf3 Qg3+ 19. Qxg3 Nxg3 20. Bb5+
Ke7 21. Rf4 a6 22. Bd3 Nh5 23. Rf2 Nf6 24. c4 Rd8 1/2-1/2

[Event "11th Vellmar Open 2019"]
[Site "Vellmar GER"]
[Date "2019.07.05"]
[Round "3.31"]
[White "Kanbach,Moritz"]
[Black "Spiess,Th"]
[Result "1-0"]
[WhiteElo "1647"]
[BlackElo "1986"]
[WhiteFideId "12981214"]
[BlackFideId "4646959"]
[EventDate "2019.07.04"]

1. e4 c5 2. Nf3 e6 3. d4 cxd4 4. Nxd4 Nc6 5. Nc3 Qc7 6. Be3 a6 7. a3 b5 8. Nxc6
Qxc6 9. Bd3 Bb7 10. Qd2 Bc5 11. Bxc5 Qxc5 12. Qe3 Qxe3+ 13. fxe3 Ne7 14. O-O Ng6
15. Rf2 Ne5 16. Raf1 f6 17. Be2 Rc8 18. Rd1 Ke7 19. h3 Rc5 20. Bd3 Rhc8 21. Rfd2
R8c7 22. Kf2 Nc4 23. Bxc4 Rxc4 24. Rd4 e5 25. Rxc4 Rxc4 26. Kf3 f5 27. Nd5+ Bxd5
28. Rxd5 fxe4+ 29. Kg3 Ke6 30. Rd2 d5 31. Kf2 g5 32. c3 h5 33. g4 h4 34. Ke2 Rc7
35. Ke1 Rf7 36. Rf2 Rf3 37. Rxf3 exf3 38. Kf2 d4 39. exd4 exd4 40. cxd4 Kd5 41.
Kxf3 Kxd4 42. Ke2 1-0

[Event "11th Vellmar Open 2019"]
[Site "Vellmar GER"]
[Date "2019.07.05"]
[Round "3.32"]
[White "Ahlers,Knut"]
[Black "Huneck,Frank"]
[Result "1-0"]
[WhiteElo "1854"]
[BlackElo "1788"]
[WhiteFideId "16203534"]
[BlackFideId "24663824"]
[EventDate "2019.07.04"]

1. e4 c6 2. d4 d5 3. Nc3 dxe4 4. Nxe4 Bf5 5. Ng3 Bg6 6. Nh3 e6 7. Nf4 Nf6 8. h4
c5 9. h5 Be4 10. Nxe4 Nxe4 11. Qf3 Qa5+ 12. c3 Nd6 13. dxc5 Qxc5 14. Be3 Qc6 15.
Qg4 Nf5 16. O-O-O Nxe3 17. fxe3 Nd7 18. Be2 O-O-O 19. Nd3 Nf6 20. Qh4 Bd6 21.
Bf3 Qc7 22. Qg5 Rhg8 23. h6 Ne8 24. e4 Be7 25. Qb5 Nd6 26. Qa4 Bg5+ 27. Kb1 Kb8
28. hxg7 Rxg7 29. Qb3 Nc4 30. e5 Nd2+ 31. Rxd2 Bxd2 32. Nc5 Qb6 33. Qa3 Be3 34.
Nxb7 Rc8 35. Nd6 Rc5 36. Qa4 Rg8 37. Nc4 Rxc4 38. Qxc4 Rc8 39. Qd3 h6 40. Rd1
Bg5 41. Ka1 Rd8 42. Qe2 Be7 43. Rxd8+ Qxd8 44. Qe4 Qb6 45. a3 f5 46. Qc4 Bc5 47.
Ka2 Be3 48. Bd1 Bc1 49. Bb3 Bg5 50. Qa4 Bc1 51. Qe8+ Kc7 52. Qe7+ Kb8 53. g3 Qf2
54. Qb4+ Kc7 55. Bxe6 Qxg3 56. Qd6+ Kb7 57. Bd5+ 1-0

[Event "11th Vellmar Open 2019"]
[Site "Vellmar GER"]
[Date "2019.07.05"]
[Round "3.33"]
[White "Ruhl,Marcel"]
[Black "Fuss,Jean-Pierre"]
[Result "0-1"]
[WhiteElo "1653"]
[BlackElo "1957"]
[WhiteFideId "12960195"]
[BlackFideId "16232240"]
[EventDate "2019.07.04"]

1. c4 Nf6 2. Nc3 g6 3. Nf3 Bg7 4. e3 O-O 5. Be2 c5 6. O-O d5 7. d4 Nc6 8. Re1
Bf5 9. a3 Rc8 10. b3 dxc4 11. Bxc4 Na5 12. Ne5 Nxc4 13. Nxc4 Nd5 14. Nxd5 Qxd5
15. Ra2 Be6 16. dxc5 Qxc5 17. Bb2 Bxb2 18. Rxb2 b5 19. Nd2 Qxa3 20. Qa1 Qb4 21.
Qxa7 Rfd8 22. Qa2 Ra8 0-1

[Event "11th Vellmar Open 2019"]
[Site "Vellmar GER"]
[Date "2019.07.05"]
[Round "3.34"]
[White "Decker,N"]
[Black "Ziegenfuss,Larissa"]
[Result "1-0"]
[WhiteElo "2038"]
[BlackElo "1756"]
[WhiteFideId "4699670"]
[BlackFideId "12974722"]
[EventDate "2019.07.04"]

1. d4 Nf6 2. Bg5 e6 3. Nd2 Be7 4. e4 d5 5. Bxf6 Bxf6 6. Ngf3 Nc6 7. c3 O-O 8. e5
Be7 9. Bd3 f5 10. Qe2 a5 11. a4 b6 12. h4 h6 13. h5 Bd7 14. g4 fxg4 15. Nh2 Bg5
16. Nxg4 Ne7 17. Ne3 Qe8 18. b3 c5 19. Nf3 Bxe3 20. Qxe3 Rc8 21. Kd2 Nf5 22.
Bxf5 Rxf5 23. Rh3 Rxh5 24. Rg3 c4 25. Rag1 g5 26. Nxg5 Kh8 27. Qf3 hxg5 28. Qf6+
Kh7 29. Rxg5 1-0

[Event "11th Vellmar Open 2019"]
[Site "Vellmar GER"]
[Date "2019.07.05"]
[Round "3.35"]
[White "Wurst,Maximilian"]
[Black "Thomasson,S"]
[Result "1-0"]
[WhiteElo "1704"]
[BlackElo "1876"]
[WhiteFideId "16263740"]
[BlackFideId "1706284"]
[EventDate "2019.07.04"]

1. e4 g6 2. d4 Bg7 3. Nc3 c6 4. f4 d6 5. Nf3 Qc7 6. Be3 Nd7 7. a4 e5 8. Bc4 Ne7
9. fxe5 dxe5 10. d5 cxd5 11. Nb5 Qa5+ 12. b4 Qd8 13. Bxd5 Nxd5 14. Nd6+ Kf8 15.
Qxd5 Qe7 16. O-O Nb6 17. Bxb6 axb6 18. Nxc8 Rxc8 19. Ng5 f6 20. Ne6+ Kf7 21.
Nd8+ Ke8 22. Nxb7 Rb8 23. Nd6+ Kf8 24. Rad1 Bh6 25. Qb3 Kg7 26. Qg3 Bg5 27. h4
Rhd8 28. hxg5 Rxd6 29. Rxd6 Qxd6 30. gxf6+ Kf7 31. Qh4 Qd4+ 32. Kh2 h5 33. Qh3
Rd8 34. Qb3+ Kf8 35. Qe6 Re8 36. Qc6 Qxb4 37. f7 Rd8 38. Qxg6 Ke7 39. Qg5+ 1-0

[Event "11th Vellmar Open 2019"]
[Site "Vellmar GER"]
[Date "2019.07.05"]
[Round "3.36"]
[White "Michels,Fabio"]
[Black "Ruhl,Moritz"]
[Result "0-1"]
[WhiteElo "1720"]
[BlackElo "1890"]
[WhiteFideId "16223780"]
[BlackFideId "12960179"]
[EventDate "2019.07.04"]

1. c4 Nf6 2. g3 c5 3. Bg2 g6 4. Nc3 Bg7 5. d3 Nc6 6. e4 d6 7. Nge2 e5 8. O-O O-O
9. h3 Be6 10. f4 Qd7 11. Kh2 Ne8 12. a3 Nc7 13. Nd5 Bxd5 14. exd5 Ne7 15. Rb1 b5
16. b4 Rab8 17. bxc5 dxc5 18. Be3 Na6 19. fxe5 Bxe5 20. Bh6 Rfe8 21. Bf4 Nf5 22.
cxb5 Bxf4 23. Rxf4 Ne3 24. Qd2 Nxg2 25. Kxg2 Qxd5+ 26. Kh2 Nc7 27. Nc3 Qd7 28.
Ne4 Nd5 29. Nxc5 Qe7 30. Rc4 Ne3 31. Rcc1 Qg5 32. Ne4 Rxe4 33. Qa5 Qf6 34. Rb2
Qxb2+ 0-1

[Event "11th Vellmar Open 2019"]
[Site "Vellmar GER"]
[Date "2019.07.05"]
[Round "3.37"]
[White "Bieler,Janek"]
[Black "Wecke,T"]
[Result "1/2-1/2"]
[WhiteElo "1725"]
[BlackElo "1901"]
[WhiteFideId "16214633"]
[BlackFideId "24600342"]
[EventDate "2019.07.04"]

1. d4 d6 2. Nf3 Bg4 3. e3 Nf6 4. Be2 c6 5. O-O g6 6. c4 Bg7 7. b3 O-O 8. Bb2
Nfd7 9. Nbd2 Re8 10. Ne1 Bxe2 11. Qxe2 e5 12. dxe5 dxe5 13. Ne4 Qc7 14. Rd1 Nf8
15. Nc2 Na6 16. Rd2 Rad8 17. Rfd1 Rxd2 18. Rxd2 Rd8 19. Qd1 Ne6 1/2-1/2

[Event "11th Vellmar Open 2019"]
[Site "Vellmar GER"]
[Date "2019.07.05"]
[Round "3.38"]
[White "Fromm,Nick"]
[Black "Plaza Reino,Mercedes"]
[Result "1-0"]
[WhiteElo "1694"]
[BlackElo "1897"]
[WhiteFideId "12958026"]
[BlackFideId "24511951"]
[EventDate "2019.07.04"]

1. e4 c5 2. Nf3 e6 3. d4 cxd4 4. Nxd4 a6 5. Nc3 Qc7 6. Bd3 Nf6 7. O-O d6 8. Qe2
Be7 9. Bd2 Nbd7 10. Rae1 O-O 11. Kh1 b5 12. f4 Nc5 13. e5 Nfd7 14. Bxh7+ Kxh7
15. Qh5+ Kg8 16. b4 dxe5 17. fxe5 g6 18. Qh6 Nxe5 19. bxc5 Ng4 20. Qh3 e5 21.
Qg3 Bxc5 22. Nb3 Ba7 23. h3 Kg7 24. Qf3 Rb8 25. Nd5 Qb7 26. Rxe5 Nxe5 27. Qf6+
Kh7 28. Qh4+ Kg7 29. Qh6+ 1-0

[Event "11th Vellmar Open 2019"]
[Site "Vellmar GER"]
[Date "2019.07.05"]
[Round "3.39"]
[White "Muenk,Johannes"]
[Black "Wuestehube,H"]
[Result "0-1"]
[WhiteElo "1685"]
[BlackElo "1887"]
[WhiteFideId "16241983"]
[BlackFideId "24614084"]
[EventDate "2019.07.04"]

1. d4 Nf6 2. Bf4 g6 3. Nc3 Bg7 4. e3 d6 5. h4 h5 6. Bd3 c6 7. Qe2 Qa5 8. e4 e5
9. dxe5 dxe5 10. Bd2 Qc7 11. Nh3 Nbd7 12. f3 Nc5 13. Nf2 Nxd3+ 14. cxd3 Be6 15.
Rc1 O-O 16. g4 Qd7 17. Rg1 Kh8 18. Bg5 hxg4 19. Bxf6 Bxf6 20. fxg4 Bxh4 21. g5
Kg7 22. Kd2 Qe7 23. Qe3 Rh8 24. Rg2 Rh5 25. Rcg1 Bxf2 26. Qxf2 a6 27. a3 Rah8
28. Nd1 Rh3 29. Ne3 Kg8 30. Ke2 Qd6 31. Rg3 Qd4 32. Rb1 Rh2 33. Rg2 Rxg2 34.
Qxg2 Ba2 35. Rc1 Rh5 36. Rc2 Qd8 37. Qg4 Be6 38. Nf5 Qxg5 39. Qxg5 Rxg5 40. Ne3
Rh5 41. Kf3 Rh3+ 42. Kf2 Rh2+ 43. Kg3 Rxc2 44. Nxc2 Bb3 45. Ne3 f6 46. Ng4 Kf7
47. Kf2 Ke6 48. Ke3 f5 49. exf5+ gxf5 50. Nf2 Bd5 51. b4 Kd6 52. d4 Bg2 53.
dxe5+ Kxe5 54. Nd3+ Kd6 55. Kd4 b6 56. Nf4 Be4 57. Ne2 c5+ 58. bxc5+ bxc5+ 59.
Kc4 Bd5+ 60. Kd3 Ke5 61. Ke3 Be4 62. Nc3 f4+ 63. Kf2 Kd4 64. Ne2+ Ke5 65. Nc3
Bc6 66. Nb1 0-1

[Event "11th Vellmar Open 2019"]
[Site "Vellmar GER"]
[Date "2019.07.05"]
[Round "3.40"]
[White "Meyer,Marcel"]
[Black "Kuschel,Heidi"]
[Result "1/2-1/2"]
[WhiteElo "1796"]
[BlackElo "1736"]
[WhiteFideId "12997234"]
[BlackFideId "12974587"]
[EventDate "2019.07.04"]

1. d4 Nf6 2. c4 g6 3. Nc3 Bg7 4. e4 d6 5. Nf3 Nbd7 6. Be2 O-O 7. O-O c6 8. h3 e5
9. Be3 Re8 10. d5 c5 11. a3 h6 12. b4 b6 13. Qd2 Kh7 14. Ra2 a6 15. Nh2 Nf8 16.
Rb1 Ng8 17. Bd3 Ne7 18. Rab2 Nd7 19. Ng4 Ng8 20. Qc2 h5 21. Nh2 Bh6 22. Qd2 Qf6
23. Rf1 Bg7 24. Bg5 Bh6 25. Be3 Bg7 26. bxc5 bxc5 27. Bg5 Bh6 28. Be3 Bg7 29.
Na4 Qd8 30. Rfb1 Qc7 31. Nb6 Rb8 32. Nxc8 Rexc8 33. Nf3 f6 34. Qc2 Rxb2 35. Rxb2
Rb8 36. Bd2 Bh6 37. Bc3 Ne7 38. Nd2 Rxb2 39. Qxb2 Kg7 40. Qb3 Kf7 41. Qa4 Nb8
42. Ba5 Qb7 43. Nb3 Bf8 44. Bc3 Qc7 45. Bd2 Nc8 46. Nc1 Ne7 47. Qc2 Nd7 48. a4
Nc8 49. a5 Be7 50. Qa4 Na7 51. Ne2 Nf8 52. Ng3 Qb7 53. Qa3 Nh7 54. Nf1 Bd8 55.
Ne3 Bc7 56. Nd1 Nf8 57. Nb2 Nd7 58. Kf1 Ke7 59. Bc2 Qb8 60. Ke2 Qd8 61. Qc3 Kf7
62. Nd1 Nc8 63. Ne3 Ne7 64. h4 Qh8 65. Ba4 Nb8 66. g3 Qd8 67. Bc2 Ng8 68. Ng2
Qd7 69. Kf1 Kg7 70. Kg1 Nh6 71. Bd1 Nf7 72. Qb3 Nd8 73. Kh2 Qc8 74. f4 Nb7 75.
fxe5 fxe5 76. Qe3 Qh8 77. Qg5 Bd8 78. Qe3 Nxa5 79. Qc3 Bc7 80. Nf4 Bb6 81. Ne6+
Kg8 82. Qf3 Nd7 83. Bg5 Qh7 84. Ba4 Qf7 85. Qxf7+ Kxf7 86. Bxd7 Nxc4 87. Bc1 Ba7
88. Ba4 Bb8 89. Nd8+ Kg8 90. Nc6 Bc7 91. Bc2 Nb6 92. Kh3 Kg7 93. g4 hxg4+ 94.
Kxg4 Nd7 95. h5 Nf6+ 96. Kh4 Nxh5 97. Bg5 Nf6 98. Kg3 c4 99. Kf3 Kf7 100. Ke2 a5
101. Kd2 Nd7 102. Kc3 Nb6 103. Nxa5 Nxd5+ 104. Kxc4 Nf4 105. Nc6 Bb6 106. Bd1
Ne6 107. Bd2 g5 108. Kd5 Bc5 109. Bg4 Nf4+ 110. Bxf4 gxf4 111. Nxe5+ Kg7 112.
Nc4 Bb4 113. Nxd6 Kf6 114. Nc4 Bc3 115. Bf3 Ba1 116. Nd2 Bb2 117. Kc4 Be5 118.
Kd3 Kg5 119. Ke2 Kh4 120. Nf1 Kh3 121. Bh5 Kg2 122. Nd2 Kg3 123. Bf3 Kh4 124.
Nc4 Ba1 125. Nd6 Kg5 126. Nb7 Kf6 127. Bg2 Be5 128. Kf3 Kg5 129. Nc5 Bb8 130.
Ne6+ Kf6 131. Nxf4 Be5 132. Nd3 Ba1 133. Bh3 Ke7 134. Kf4 Kf6 135. e5+ Bxe5+
136. Nxe5 Ke7 137. Nc4 Kf6 138. Bf5 Ke7 139. Ke5 Kf7 140. Be4 Ke7 141. Bg6 Kd7
142. Kd5 Ke7 143. Ke5 Kd7 144. Bd3 Kc6 145. Kd4 Kd7 146. Ne5+ Ke6 147. Ke4 Kd6
148. Nf3 Kc5 149. Ke5 Kc6 150. Nd2 Kc5 151. Ne4+ Kc6 152. Ke6 Kc7 153. Kd5 Kd7
154. Bb5+ Ke7 155. Ke5 Kf7 156. Kf5 Ke7 157. Ba4 Kf7 158. Bd7 Ke7 159. Be6 Kd8
160. Ke5 Kc7 161. Kd5 Kb6 162. Bd7 Kc7 163. Nf6 Kb6 164. Kd6 Ka5 165. Kc5 Ka6
166. Nd5 Kb7 167. Bg4 Ka6 168. Kc6 Ka5 169. Bd1 Ka6 170. Bc2 Ka5 171. Kc5 Ka6
172. Kc6 Ka5 173. Kc5 Ka6 174. Be4 Ka5 175. Nb6 Ka6 176. Kc6 Ka5 177. Kc5 Ka6
178. Bc6 Ka7 179. Nd7 Ka6 1/2-1/2

[Event "11th Vellmar Open 2019"]
[Site "Vellmar GER"]
[Date "2019.07.05"]
[Round "3.41"]
[White "Thomas,Jeremy"]
[Black "Lehmann,Nils"]
[Result "1/2-1/2"]
[WhiteElo "1717"]
[BlackElo "1626"]
[WhiteFideId "16214641"]
[BlackFideId "12982610"]
[EventDate "2019.07.04"]

1. e4 e5 2. Nf3 Nc6 3. Bc4 Bc5 4. c3 Nf6 5. d3 d6 6. Nbd2 O-O 7. Nf1 a6 8. Bb3
Ba7 9. Ng3 Ne7 10. O-O Ng6 11. Bg5 h6 12. Be3 Nh7 13. Qd2 Be6 14. d4 Re8 15. d5
Bd7 16. Bc2 Nf6 17. c4 Ng4 18. Bxa7 Rxa7 19. h3 Nf6 20. b4 Nf4 21. Kh2 Qc8 22.
Nf5 Bxf5 23. exf5 Kh7 24. g3 N4h5 25. Qe3 Ra8 26. Nd2 Nd7 27. Ne4 Nhf6 28. f3
Nb6 29. Nxf6+ gxf6 30. Qe4 Qd8 31. Bb3 Nd7 32. Rfc1 b6 33. a3 Rg8 34. g4 Qe7 35.
h4 Kh8 36. Ba4 a5 37. Bc6 Ra7 38. bxa5 Rxa5 39. Qe3 Kh7 40. a4 Nb8 41. Bb5 Ra8
42. Rc2 Nd7 43. Bxd7 Qxd7 44. Qb3 Ra5 45. Rca2 Rga8 46. Qc2 Kh8 47. Kg3 Kg7 48.
Ra3 R5a7 49. f4 Qe7 50. Re3 Re8 51. fxe5 fxe5 52. Rea3 Ra5 53. Rb3 f6 54. Rb5
Rea8 55. Rxa5 Rxa5 56. Rb1 Qd8 57. Rb4 Qe7 58. Rb5 Rxb5 59. axb5 Qd8 1/2-1/2

[Event "11th Vellmar Open 2019"]
[Site "Vellmar GER"]
[Date "2019.07.05"]
[Round "3.42"]
[White "Daday,Csaba"]
[Black "Kotliarevski,Dennis"]
[Result "1-0"]
[WhiteElo "1688"]
[BlackElo "1624"]
[WhiteFideId "1231995"]
[BlackFideId "12995371"]
[EventDate "2019.07.04"]

1. d4 Nf6 2. Nf3 g6 3. g3 Bg7 4. Bg2 O-O 5. O-O d6 6. b3 Nc6 7. Bb2 Bf5 8. a3
Re8 9. d5 Nb8 10. Nbd2 Qc8 11. Re1 e5 12. dxe6 fxe6 13. Nd4 Rf8 14. Nxf5 gxf5
15. Nc4 Nc6 16. b4 d5 17. b5 Ne7 18. Nd2 Ng6 19. Nf3 f4 20. Ng5 c6 21. a4 e5 22.
Bh3 Ng4 23. f3 Qf5 24. Nxh7 Kxh7 25. Bxg4 Qg5 26. Kg2 Rf7 27. Rh1 e4 28. Bxg7
Kxg7 29. Qd4+ Rf6 30. h4 exf3+ 31. exf3 Qh6 32. h5 Ne7 33. Rae1 Kf7 34. Qe5 Ng8
35. Qc7+ Kf8 36. Qxb7 Re8 37. Rxe8+ Kxe8 38. Qd7+ Kf8 39. Re1 Rf7 40. Re8+ Kg7
41. Rxg8+ Kxg8 42. Be6 Qxh5 43. Bxf7+ Qxf7 44. Qxf7+ Kxf7 45. bxc6 Ke7 46. g4 1-0

[Event "11th Vellmar Open 2019"]
[Site "Vellmar GER"]
[Date "2019.07.05"]
[Round "3.44"]
[White "Niedenthal,R"]
[Black "Ullmann,Ralf"]
[Result "1-0"]
[WhiteElo "1682"]
[BlackElo "1830"]
[WhiteFideId "24627216"]
[BlackFideId "1271401"]
[EventDate "2019.07.04"]

1. c4 Nf6 2. Nc3 g6 3. g3 Bg7 4. Bg2 d6 5. e4 Nbd7 6. Nge2 c6 7. O-O Qc7 8. b3
Nc5 9. d4 Ncd7 10. h3 O-O 11. Be3 a6 12. Rc1 e5 13. f4 Re8 14. c5 exd4 15. cxd6
Qa5 16. Bxd4 h6 17. e5 Nh7 18. Na4 Nhf8 19. Bc3 Qd8 20. Qd2 Re6 21. Ba5 Qe8 22.
Nd4 Rxe5 23. fxe5 Qxe5 24. Bc3 Qxg3 25. Nf3 Nf6 26. Be5 1-0